श्रीमद भगवद गीता : (Record no. 120902)

MARC details
000 -LEADER
fixed length control field 01195nam a22002657a 4500
005 - DATE AND TIME OF LATEST TRANSACTION
control field 20170124103204.0
010 ## - LIBRARY OF CONGRESS CONTROL NUMBER
LC control number B-070702
020 ## - INTERNATIONAL STANDARD BOOK NUMBER
Terms of availability 450.00
International Standard Book Number 81880260516
035 ## - SYSTEM CONTROL NUMBER
System control number B-070702
037 ## - SOURCE OF ACQUISITION
Source of stock number/acquisition Cen Lib/Ret
040 ## - CATALOGING SOURCE
Original cataloging agency DPL
Language of cataloging HN
082 ## - DEWEY DECIMAL CLASSIFICATION NUMBER
Classification number 181.45
Item number ज्ञानेश्व
100 ## - MAIN ENTRY--PERSONAL NAME
Personal name ज्ञानेश्वर, संत
9 (RLIN) 43331
245 ## - TITLE STATEMENT
Title श्रीमद भगवद गीता :
Statement of responsibility, etc संत ज्ञानेश्वर
Remainder of title ज्ञानेश्वर गीता /
246 ## - VARYING FORM OF TITLE
Title proper/short title Shrimad Bahgvad Gita : gyaneshwar geeta /
Remainder of title by Sant Gyaneshwar
260 ## - PUBLICATION, DISTRIBUTION, ETC. (IMPRINT)
Place of publication, distribution, etc दिल्ली
Name of publisher, distributor, etc दिल्ली पुस्तक सदन
270 ## - ADDRESS
City दिल्ली
Address 30/36, गली नं.9, विश्वास नगर, शाहदरा
Postal code 110032
300 ## - PHYSICAL DESCRIPTION
Extent 447पृ.
Dimensions 23सेमी(सजिल्द)
490 ## - SERIES STATEMENT
Series statement ज्ञानेश्वर कृत
650 ## - SUBJECT ADDED ENTRY--TOPICAL TERM
Topical term or geographic name as entry element भगवद गीता
9 (RLIN) 1541
650 ## - SUBJECT ADDED ENTRY--TOPICAL TERM
Topical term or geographic name as entry element हिन्दू -- धर्म -- गीता
9 (RLIN) 93316
650 ## - SUBJECT ADDED ENTRY--TOPICAL TERM
Topical term or geographic name as entry element Bhagavad Gita
9 (RLIN) 93317
650 ## - SUBJECT ADDED ENTRY--TOPICAL TERM
Topical term or geographic name as entry element Hindu - religion - Gita
9 (RLIN) 93318
942 ## - ADDED ENTRY ELEMENTS (KOHA)
Source of classification or shelving scheme Dewey Decimal Classification
Koha item type Hindi Books
Classification part 181.45
Call number suffix ज्ञानेश्व
Holdings
Withdrawn status Lost status Damaged status Not for loan Home library Current library Date acquired Source of acquisition Cost, normal purchase price Total Checkouts Full call number Barcode Date last seen Copy number Cost, replacement price Price effective from Koha item type
        Central Library Central Library 29/09/2015 Cen Lib/Ret 450.00   181.45 ज्ञानेश्व B-070702 29/09/2015 1 450.00 29/09/2015 Hindi Books

© Delhi Public Library
Hit Counter
free hit counter